IFM Opac

Financial Accounting: (Record no. 22151)

MARC details
000 -LEADER
fixed length control field 00481nam a22001457a 4500
020 ## - INTERNATIONAL STANDARD BOOK NUMBER
ISBN 978-1-292-41290-0
082 ## - DEWEY DECIMAL CLASSIFICATION NUMBER
Classification number 657.3
100 ## - MAIN ENTRY--AUTHOR NAME
Personal name Financial Accounting...
245 ## - TITLE STATEMENT
Title Financial Accounting:
Sub Title IInternational Financial Reporting Standards
250 ## - EDITION STATEMENT
Edition statement 12th
260 ## - PUBLICATION, DISTRIBUTION, ETC. (IMPRINT)
Place of publication Harlow:
Name of publisher Pearson Education,
Year of publication 2024
300 ## - PHYSICAL DESCRIPTION
Number of Pages 803p.: ill.; 28cm
700 ## - ADDED ENTRY--PERSONAL NAME
Personal name Thomas, C. William, Tietz, Wendy M., Suwardy, Themin, Chern, Koh Wei, Jr. Walter T., & Horngren Charles
942 ## - ADDED ENTRY ELEMENTS (KOHA)
Koha item type Books
Holdings
Withdrawn status Lost status Damaged status Not for loan Collection code Permanent Location Current Location Shelving location Date acquired Source of acquisition Full call number Accession Number Price effective from Koha item type
        Non-fiction IFM Main Campus Library IFM Main Campus Library Work Room processing 01/14/2026 Purchased 657.3 FIN 0000030255 01/14/2026 Books
        Non-fiction IFM Main Campus Library IFM Main Campus Library Work Room processing 01/14/2026 Purchased 657.3 FIN 0000030257 01/14/2026 Books
        Non-fiction IFM Main Campus Library IFM Main Campus Library Work Room processing 01/14/2026 Purchased 657.3 FIN 0000030256 01/14/2026 Books